Normal view
MARC view
Entry Personal Name
001 - CONTROL NUMBER
- control field: 615
003 - CONTROL NUMBER IDENTIFIER
- control field: dpl
005 - DATE AND TIME OF LATEST TRANSACTION
- control field: 20100722111054.0
008 - FIXED-LENGTH DATA ELEMENTS
- fixed length control field: 100722|||a|||||| | ||| d
040 ## - CATALOGING SOURCE
- Original cataloging agency: dpl
- Transcribing agency: dpl
100 ## - HEADING--PERSONAL NAME
- Personal name: Ward, Irving,
- Relator term: illus.
670 ## - SOURCE DATA FOUND
- Source citation: Work cat.: (dpl)0: Pangborn, Joseph Gladding, 1844-1914. 611, The cross or the pound. Which?, 1900.
670 ## - SOURCE DATA FOUND
- Source citation: Work cat.: (dpl)0: Pangborn, Joseph Gladding, 1844-1914. 611, The cross or the pound. Which?, 1900.
